00229nam a2200097Ia 4500008004100000100001700041245002700058260001900085300000800104650001900112190216s9999||||xx |||||||||||||| ||und|| aThornley G C 2aA Number Of The Things bLongmansc1965 a74p aEnglish Poetry